El juicio de NACLA sobre la vida política de Guatemala /

Na minha lista:
Detalhes bibliográficos
Autor principal: López, Alvaro
Formato: Texto
Assuntos:
Tags: Adicionar Tag
Sem tags, seja o primeiro a adicionar uma tag!

MARC

LEADER 00000 a a2200000 04500
001 43000
003
040
100 |a López, Alvaro  
245 |a El juicio de NACLA sobre la vida política de Guatemala /  |c Alvaro López  
650 |a HISTORIA POLITICA  
650 |a HISTORIA ECONOMICA  
650 |a GUATEMALA  
773 |g volumen4, número10 (1975), páginas 147-148  
999 |c 24845  |d 24845 
773 0 |0 18875  |9 5493  |a Universidad de Costa Rica.  |d San José, Costa Rica: Universidad de Costa Rica. Consejo Superior Universitario Centroamericano, 1972-  |o 14617  |t Estudios Sociales Centroamericanos /  |x 03039676